000
00272nam a2200121Ia 4500
008
211105s9999 xx 000 0 und d
020
_a
VYASA15130
100
_a
Mahalingam N
245
0
_a
Tirukkural
250
_a
\N
260
_b
SahityaShodh sansthan
_c
\N
300
_a
600p.
999
_c
7469
_d
7469